The Quest for Spiritual Transformation (Record no. 121991)
[ view plain ]
| 000 -LEADER | |
|---|---|
| fixed length control field | 00527nam a22001457a 4500 |
| 008 - FIXED-LENGTH DATA ELEMENTS--GENERAL INFORMATION | |
| fixed length control field | 150209b xxu||||| |||| 00| 0 eng d |
| 020 ## - INTERNATIONAL STANDARD BOOK NUMBER | |
| International Standard Book Number | 9780595350711 |
| 050 ## - LIBRARY OF CONGRESS CALL NUMBER | |
| Classification number | BL2480.A4 O61 |
| 100 ## - MAIN ENTRY--PERSONAL NAME | |
| Personal name | Opokuwaa, Nana A. K. |
| 9 (RLIN) | 14950 |
| 245 ## - TITLE STATEMENT | |
| Title | The Quest for Spiritual Transformation |
| Remainder of title | introduction to traditional Akan religion, rituals and practices |
| Statement of responsibility, etc | Nana A. K. Opokuwaa |
| 260 ## - PUBLICATION, DISTRIBUTION, ETC. (IMPRINT) | |
| Place of publication, distribution, etc | New York |
| Name of publisher, distributor, etc | iUniverse, Inc. |
| Date of publication, distribution, etc | 2005 |
| 300 ## - PHYSICAL DESCRIPTION | |
| Extent | xxv, 174p. ; |
| Dimensions | 23cm. |
| 650 ## - SUBJECT ADDED ENTRY--TOPICAL TERM | |
| Topical term or geographic name as entry element | Akan (African people) |
| General subdivision | religions |
| 9 (RLIN) | 14951 |
| 942 ## - ADDED ENTRY ELEMENTS (KOHA) | |
| Source of classification or shelving scheme | Library of Congress Classification |
| Item type | Monograph ( Printed materials) |
| Withdrawn status | Lost status | Source of classification or shelving scheme | Damaged status | Not for loan | Collection code | Home library | Current library | Shelving location | Date acquired | Total Checkouts | Full call number | Barcode | Date last seen | Date last borrowed | Price effective from | Koha item type |
|---|---|---|---|---|---|---|---|---|---|---|---|---|---|---|---|---|
| Library of Congress Classification | Main Collection | ARRUPE LIBRARY | ARRUPE LIBRARY | Main Collection | 09/02/2015 | 10 | BL2480.A4 O61 | 46500002960 | 09/05/2024 | 23/04/2024 | 09/02/2015 | Monograph ( Printed materials) |